000 00823nam a2200253Ia 4500
003 OSt
005 20221005073054.0
006 a|||||r|||| 00| 0
007 ta
008 221004b |||||||| |||| 00| 0 urd d
020 _a8181720725 (hbk)
_cINR 300.00
024 _a42696
037 _b2131, 16/03/2019, M.R.Publications
_cTextual
040 _aCRL
_cCRL
_burd
041 _2urd
_aurd
082 _aO168,1M37x, Q6
100 _aKidwai Sadiq-ur-Rahman Au.
_9607687
245 0 _aJadeed urdu nasr ke me'mar
_b Hali, Shibli aur Mohammad Hussain Azad
260 _aNew Delhi
_bGhalib institute India
_c2016
300 _a358p.
_ccm.
650 _aURDU POETRY
942 _hO168,1M37x, Q6
_cTEXL
_2cc
999 _c980490
_d980490